000
00262 a2200097 4500
001
35338
100
_a
Rosenberg J M
245
_a
Dictionary of Computers Data Processing & Telecommunications
260
_a
New Delhi
_b
Wiley Easter Ltd
_c
090
_c
23370
_d
23370
942
_a
NUST-CAE
_c
M
_c
14859
999
_c
270411
_d
270411